000 01977nam a2200373Ia 4500
001 ebr10070268
003 CaPaEBR
006 m u
007 cr cn|||||||||
008 020821s2003 mdu sb 001 0 eng d
010 _z 2002013624
020 _z0801881358
020 _z0801873401 (alk. paper)
040 _aCaPaEBR
_cCaPaEBR
035 _a(OCoLC)70723029
050 1 4 _aLC383
_b.M325 2003eb
082 0 4 _a378/.0088/22
_221
100 1 _aMahoney, Kathleen A.
245 1 0 _aCatholic higher education in Protestant America
_h[electronic resource] :
_bthe Jesuits and Harvard in the age of the university /
_cKathleen A. Mahoney.
260 _aBaltimore :
_bJohns Hopkins University Press,
_c2003.
300 _ax, 347 p.
504 _aIncludes bibliographical references (p. [311]-336) and index.
505 0 _aBetween Protestants and Catholics -- The descendants of Luther and the sons of Loyola -- Time, the Harvard Law School controversy and the modern imperative -- Among Catholics -- Persons, the bonds of religion and the claims of class -- Place, Americanism and the higher education of Catholics -- Among Jesuits -- Novus ordo academicus and the travails of adapting.
533 _aElectronic reproduction.
_bPalo Alto, Calif. :
_cebrary,
_d2005.
_nAvailable via World Wide Web.
_nAccess may be limited to ebrary affiliated libraries.
610 2 0 _aJesuits
_xEducation (Higher)
_zUnited States.
610 2 0 _aHarvard University
_xAdministration
_xHistory.
650 0 _aChurch and college
_zUnited States
_xHistory.
650 0 _aCatholics
_xEducation (Higher)
_zUnited States
_xHistory.
650 0 _aCatholic universities and colleges
_zUnited States.
650 0 _aProtestant churches
_zUnited States
_xRelations
_xCatholic Church
_xHistory.
655 7 _aElectronic books.
_2local
710 2 _aebrary, Inc.
856 4 0 _uhttp://site.ebrary.com/lib/rucke/Doc?id=10070268
_zAn electronic book accessible through the World Wide Web; click to view
999 _c30633
_d30633